Design Aspects in Marketing Management of Retail Stores

Vplyv maloobchodného dizajnu na nákupné správanie - kognitívne a afektívne spracovanie informácií. Environmentálne podnety (prvky dizajnu skladov) ovplyvňujú čitateľnosť a dojmy (stavy hodnotenia) a ako tieto hodnotiace stavy sprostredkovávajú účinky stimulov na reakcie a tým ovplyvňujú výsledky spr...

Descrizione completa

Salvato in:
Dettagli Bibliografici
Autore principale: Lesáková, Dagmar, 1949-
Natura: Capitolo di libro
Lingua:inglese
Soggetti:
Tags: Aggiungi Tag
Nessun Tag, puoi essere il primo ad aggiungerne!!

MARC

LEADER 00000naa$a2200000$$$4500
001 0251104
005 20240502083717.9
041 0 |a eng 
044 |a PL 
245 1 0 |a Design Aspects in Marketing Management of Retail Stores  |c Dagmar Lesáková 
520 |a Vplyv maloobchodného dizajnu na nákupné správanie - kognitívne a afektívne spracovanie informácií. Environmentálne podnety (prvky dizajnu skladov) ovplyvňujú čitateľnosť a dojmy (stavy hodnotenia) a ako tieto hodnotiace stavy sprostredkovávajú účinky stimulov na reakcie a tým ovplyvňujú výsledky správania (opakovaný nákupný zámer). 
610 2 0 |a marketing 
610 2 0 |a marketing manažment 
610 2 0 |a dizajn 
610 2 0 |a predajne 
610 2 0 |a domy obchodné 
610 2 0 |a zákazníci 
610 2 0 |a správanie 
610 2 0 |a správanie spotrebiteľa 
610 2 0 |a efektívnosť 
610 2 0 |a nákup 
100 1 |a Lesáková, Dagmar, 1949-